000 00564nam a2200193 a 4500
005 20140310183338.0
008 061025s19uu xx 00 eng d
020 _a9780071106313
050 _aT 353
_b.B4515 2007
100 _aBertoline, Gary R.
245 _aFundamentals of graphics communication /
_cGary R. Bertoline
250 _a5th ed.
260 _aBoston :
_bMcGraw-Hill,
_c2007.
300 _aI-6, 655 cm.
_bcol. ill. ;
_c26 cm.
650 _aEngineering graphics
_xTextbooks.
700 _aWiebe, Eric N.
942 _cBK
_2lcc
_kFOR
999 _c21734
_d21734